[Event "BL2-S9293"]
[Site "Germany"]
[Date "1993.??.??"]
[Round "?"]
[White "Fritsch, Rolf"]
[Black "Bruch, Ingo"]
[Result "0-1"]
[WhiteElo "2220"]
[BlackElo "2285"]

1.d4 Nf6 2.c4 g6 3.Nc3 Bg7 4.e4 O-O 5.Be2 d6 6.Nf3 e5 7.O-O Nc6 8.d5 Ne7
9.Ne1 Nd7 10.Bd2 f5 11.Rc1 Kh8 12.Nd3 Ng8 13.f3 f4 14.b4 Rf7 15.c5 Bf8 16.cxd6 Bxd6
17.Na4 b6 18.Nab2 g5 19.Nc4 Re7 20.Qc2 Nf8 21.a4 Nf6 22.Qb2 Ng6 23.a5 Bd7
24.axb6 axb6 25.Ra1 Rc8 26.Rfc1 Qf8 27.Nxd6 cxd6 28.Nf2 h5 29.b5 g4 30.Bb4 Rg7
31.Kh1 g3 32.Nh3 Bxh3 33.gxh3 Nh4 34.Be1 Rxc1 35.Rxc1 Nh7 36.hxg3 fxg3 37.Rc3 Qf4
38.Rc8+ Nf8 39.Qc1 g2+ 40.Kg1 Qh2+  0-1

[Event "BL2-O9293"]
[Site "Germany"]
[Date "1993.??.??"]
[Round "?"]
[White "Liebert, Heinz"]
[Black "Hesse, Peter"]
[Result "0-1"]
[WhiteElo "2385"]
[BlackElo "2360"]

1.c4 Nf6 2.Nf3 g6 3.Nc3 Bg7 4.d4 d6 5.e4 O-O 6.Be2 e5 7.O-O Nc6 8.Be3 Bg4
9.d5 Ne7 10.Ne1 Bxe2 11.Qxe2 Qd7 12.Nd3 Ng4 13.Bd2 f5 14.f3 Nf6 15.c5 Rf7
16.cxd6 cxd6 17.Nf2 a6 18.a4 Nh5 19.g3 Raf8 20.Kg2 Nf6 21.a5 Kh8 22.Na4 Nc8
23.b3 Na7 24.Nb6 Qe7 25.Nh3 h6 26.exf5 gxf5 27.Rae1 Qd8 28.Be3 Nb5 29.Qd2 Kh7
30.Rc1 Nh5 31.Rc4 Qf6 32.f4 Qg6 33.Re1 Nf6 34.Nf2 e4 35.Qe2 Nh5 36.Rg1 Nd4
37.Qd1 Nf3 38.Nh1 Nxg1 39.Kxg1 Bf6 40.Kg2 Rg8 41.Rc2 Rfg7 42.Kf1 Bd8 43.Nc4 Be7
44.Bd4 Rf7 45.Nf2 Rff8 46.Ne3 Rc8 47.Qc1 Rxc2 48.Qxc2 Bf6 49.Bb6 Bh4 50.Bd4 Bf6
51.Bb6 Ba1 52.Qc7+ Rg7 53.Qd8 Bb2 54.Nc4 Bc3 55.Qc8 Nxf4 56.Ne3 Bd2 57.Nxf5 e3
58.Bxe3 Bxe3 59.Nxe3 Qb1+ 60.Nfd1 Nxd5 61.Qe6 Nc3 62.Qxd6 Nxd1 63.Nxd1 Qxb3
64.Qd2 Qb5+ 65.Kf2 Rd7 66.Qe1 Qd3  0-1

[Event "BL2-W9293"]
[Site "Germany"]
[Date "1993.??.??"]
[Round "?"]
[White "Roos, Thomas"]
[Black "Matthaei, Alexander"]
[Result "1/2-1/2"]
[WhiteElo "2280"]
[BlackElo "2270"]

1.d4 Nf6 2.c4 g6 3.Nc3 Bg7 4.e4 d6 5.Be2 O-O 6.Nf3 e5 7.O-O Nc6 8.d5 Ne7
9.Nd2 a5 10.a3 Nd7 11.Rb1 f5 12.b4 Kh8 13.c5 dxc5 14.Nc4 axb4 15.axb4 fxe4
16.bxc5 Nxc5 17.Ba3 Rxa3 18.Nxa3 Nf5 19.Rb4 Nd4 20.Nc2 Nd3 21.Bxd3 exd3 22.Ne3 e4
23.Nxe4 Qe7 24.Rxd4 Bxd4 25.Qxd3 Bg7 26.Qc4 Bh6 27.Re1 b5 28.Qd3 Bf5 29.Nc2 Qh4
30.f3 b4 31.Qd4+ Bg7 32.Qxb4 Re8 33.Qc4 Be5 34.g3 Qe7 35.Nf2 Qd7 36.f4 Bd6
37.Qd4+ Kg8 38.Rxe8+ Qxe8 39.Qe3 Qb5 40.Kg2 Bxc2 41.Qe6+ Kg7 42.Ng4 Qb2 43.Qd7+ Kf8
44.Qc8+ Ke7 45.Qe6+ Kd8 46.Qg8+ Kd7 47.Qe6+  1/2-1/2

[Event "BL2-N9293"]
[Site "Germany"]
[Date "1993.??.??"]
[Round "?"]
[White "Giemsa, Stephan"]
[Black "Sieg, Ulrich"]
[Result "0-1"]
[WhiteElo "2270"]
[BlackElo "2335"]

1.Nf3 Nf6 2.c4 g6 3.Nc3 Bg7 4.e4 d6 5.d4 O-O 6.Be2 e5 7.O-O Nc6 8.d5 Ne7
9.Nd2 c5 10.Rb1 Ne8 11.b4 b6 12.bxc5 dxc5 13.a4 Nd6 14.a5 Bd7 15.Qb3 bxa5
16.Ba3 Qc7 17.Qc2 Rab8 18.Nb5 Bxb5 19.cxb5 Rfc8 20.Nc4 Rxb5 21.Nxd6 Rxb1
22.Rxb1 Qxd6 23.Rb5 Qd8 24.Bc4 Rb8 25.Rxc5 Bf8 26.Qa4 Nc8 27.Rc6 Nb6 28.Qxa5 Nxc4  0-1

[Event "Oberliga Nord N9293"]
[Site "Germany"]
[Date "1993.??.??"]
[Round "?"]
[White "Lamprecht, Frank"]
[Black "Joecks, Christian"]
[Result "1/2-1/2"]
[WhiteElo "2330"]
[BlackElo "2375"]

1.d4 Nf6 2.c4 g6 3.Nc3 Bg7 4.e4 d6 5.Nf3 O-O 6.Be2 e5 7.O-O Nc6 8.d5 Ne7
9.b4 Nh5 10.c5 f5 11.Qb3 fxe4 12.Nxe4 Nf4 13.Bxf4 exf4 14.Rad1 Nf5 15.Rfe1 h6
16.Bd3 Kh8 17.Nc3 g5 18.Bxf5 Bxf5 19.Nd4 Bxd4 20.Rxd4 Qf6 21.Rdd1 f3 22.Ne4 Bxe4
23.Rxe4 fxg2 24.Qe3 Qg7 25.Re1 Rf7 26.cxd6 cxd6 27.Re6 Raf8 28.Re2 Rf4 29.Rxd6 Qa1+
30.Re1 Qb2 31.Rxh6+ Kg7 32.Rd6 Qxf2+ 33.Qxf2 Rxf2 34.Re7+ Kg8 35.Rg6+ Kh8
36.Rh6+ Kg8 37.Rg6+ Kh8 38.Re3 Kh7 39.Rxg5 Kh6 40.Rg4 Rf1+ 41.Kxg2 R8f2+
42.Kh3 Rd1 43.Re6+ Kh5 44.Re5+ Kh6 45.Re6+ Kh5 46.Re5+ Kh6 47.Re8 Kh7 48.Re7+ Kh6
49.Rxb7 Rxa2 50.Rb5 Rdd2 51.Rc4 Kg5 52.d6+ Kf6 53.Kg4 Rg2+ 54.Kf3 Ke6 55.Rh5 Rxh2
56.Rxh2 Rxh2 57.Rd4 Rh7 58.d7  1/2-1/2

[Event "BL2-N9293"]
[Site "Germany"]
[Date "1993.??.??"]
[Round "?"]
[White "Chuchelov, Vladimir"]
[Black "Danschczyk, Christian"]
[Result "1-0"]
[WhiteElo "2500"]
[BlackElo "2290"]

1.d4 Nf6 2.Nf3 g6 3.c4 Bg7 4.Nc3 O-O 5.e4 d6 6.Be2 e5 7.O-O Nc6 8.d5 Ne7
9.Nd2 a5 10.a3 Nd7 11.Rb1 f5 12.b4 Kh8 13.Qc2 Nf6 14.f3 Nh5 15.c5 axb4 16.axb4 Nf4
17.Nc4 g5 18.Be3 Neg6 19.Ra1 Rxa1 20.Rxa1 Nh4 21.Bf1 g4 22.fxg4 fxg4 23.cxd6 cxd6
24.Nb5 Qg5 25.g3 Nf3+ 26.Kh1 Qg6 27.Nb6 Nh5 28.Bf2 Ng5 29.Bg2 Nf6 30.Nxd6 Nfxe4
31.Nxe4 Bf5 32.Re1 Bxe4 33.Bxe4 Nxe4 34.Qxe4 Rxf2 35.Qxg6 hxg6 36.d6 Rd2
37.d7 Bf6 38.Rc1 Rd6 39.Rc8+ Kg7 40.Na4 Rxd7 41.Nc5 Rd1+ 42.Kg2 Rd2+ 43.Kf1 Be7
44.Rc7 Kf7 45.Rxb7 Rxh2 46.Nd3 e4 47.Nf2 e3 48.Nxg4 Rb2 49.Nxe3 Ke6 50.Rb6+ Kf7
51.Nd5 Bg5 52.b5 Bd8 53.Rb8 Ba5 54.Ne3 Ke6 55.Nc4 Rb1+ 56.Kg2 Bc7 57.Rb7 Bd8
58.Kh3 Rb4 59.Ne3 g5 60.Rb8 Bc7 61.Rb7 Bxg3 62.Kxg3 Kd6 63.Nd1 Rb1 64.Nf2 Rb3+
65.Kg4 Kd5 66.Rb8 Rb1 67.Nd3 Kd6 68.Rb6+ Kd5 69.Kxg5 Kc4 70.Ne5+ Kd5 71.Nd7 Kc4
72.Rc6+ Kd5 73.Nf6+ Ke5 74.b6 Rg1+ 75.Kh6 Rb1 76.Kg7  1-0

[Event "BL2-W9293"]
[Site "Germany"]
[Date "1993.??.??"]
[Round "?"]
[White "Gupta, Milon"]
[Black "Sieglen, Joachim"]
[Result "0-1"]
[WhiteElo "2230"]
[BlackElo "2360"]

1.d4 Nf6 2.c4 g6 3.Nc3 Bg7 4.e4 O-O 5.Nf3 d6 6.Be2 e5 7.O-O Nc6 8.d5 Ne7
9.Ne1 Nd7 10.Be3 f5 11.f3 f4 12.Bf2 g5 13.a4 Rf6 14.Nd3 Rh6 15.Be1 Bf8 16.a5 Kh8
17.b4 Ng8 18.Na4 Ndf6 19.Nf2 Rg6 20.g4 fxg3 21.hxg3 g4 22.fxg4 Nh6 23.Ra3 Nhxg4
24.Nxg4 Nxg4 25.Raf3 Bh6 26.Bd2 Bd7 27.Nc3 Bxd2 28.Qxd2 Nf6 29.Kg2 Qe7 30.Rh1 Rag8
31.Rd3 a6 32.Bd1 Qg7 33.Qe1 Bg4 34.Bf3 Rg5 35.Rh4 Qg6 36.Bxg4 Nxg4 37.Rf3 Nf6
38.Qe3 Ng4 39.Qe1 Rh5 40.Rxh5 Qxh5 41.Qh1 Qg5 42.Qe1 Qh6 43.Rf7 Ne3+ 44.Kf2 Nc2
45.Qe2 Qh2+ 46.Kf1 Qxg3  0-1

[Event "BL2-W9293"]
[Site "Germany"]
[Date "1993.??.??"]
[Round "?"]
[White "Hess, Ralf"]
[Black "Neidhardt, Claus Ulrich"]
[Result "1-0"]
[WhiteElo "2390"]
[BlackElo "2375"]

1.d4 Nf6 2.c4 g6 3.Nc3 Bg7 4.e4 d6 5.Nf3 O-O 6.Be2 e5 7.O-O Nc6 8.d5 Ne7
9.b4 Nh5 10.c5 h6 11.Re1 f5 12.Nd2 Nf4 13.Bf1 g5 14.g3 Nfg6 15.Nc4 Kh8 16.cxd6 cxd6
17.Nb5 fxe4 18.Nbxd6 b5 19.Nxb5 Nxd5 20.Nbd6 Be6 21.Qh5 e3 22.fxe3 Nge7 23.Bb2 Nf6
24.Qe2 Ng4 25.Bh3 Qd7 26.Rad1 Nf2 27.Bxe6 Qxe6 28.Rd2 Nh3+ 29.Kh1 Nf2+ 30.Kg2 Ng4
31.Qd3 h5 32.h3 Nh6 33.Ne4 Nf7 34.Qe2 g4 35.hxg4 hxg4 36.Rh1+ Kg8 37.Rh4 Nh6
38.Rd6 Qf5 39.Ncd2 Ng6 40.Qc4+ Kh7 41.Rh1 Rac8 42.Qd3 Kg8 43.Rd7 Rf7 44.Rd8+ Rxd8
45.Qxd8+ Nf8 46.Qg5 Qe6 47.a3 Nf5 48.Re1 Nh7 49.Qd8+ Rf8 50.Qd3 Qh6 51.Nf2 Qg6
52.Nde4 Ne7 53.Qd7 Qf7 54.Qxg4 Ng6 55.Rd1 Nf6 56.Qf5 Qb3 57.Ng5 Ne4 58.Qxe4 Rxf2+
59.Kxf2 Qxd1 60.Qxg6 Qd2+ 61.Kf3 Qd1+ 62.Kg2 Qe2+ 63.Kh3 Qf1+ 64.Kh4  1-0

[Event "BL2-S9293"]
[Site "Germany"]
[Date "1993.??.??"]
[Round "?"]
[White "Beikert, Guenther"]
[Black "Neurohr, Stephan"]
[Result "1/2-1/2"]
[WhiteElo "2405"]
[BlackElo "2320"]

1.d4 Nf6 2.c4 g6 3.Nc3 Bg7 4.e4 O-O 5.Nf3 d6 6.Be2 e5 7.O-O Nc6 8.d5 Ne7
9.Bd2 Nh5 10.Ne1 Nf4 11.Nd3 Nxe2+ 12.Qxe2 f5 13.f4 fxe4 14.Nxe4 exf4 15.Bxf4 h6
16.g4 b5 17.b3 Bxa1 18.Rxa1 g5 19.Nxg5 hxg5 20.Bxg5 Qd7 21.Bxe7 Re8 22.Re1 bxc4
23.Nf2 Ba6 24.Qe4 Rxe7 25.Qxe7 Qxe7 26.Rxe7 cxb3 27.axb3 Bb7 28.Ne4 Rf8 29.g5 Rf5
30.Rxc7 Bxd5 31.Nf6+ Kf8 32.h4 Bxb3 33.Rxa7 Bd1 34.Rd7 Rf4 35.Rxd6 Bb3 36.Rd3 Be6
37.Re3 Kf7 38.Re4 Rf3 39.Kg2 Rxf6  1/2-1/2

[Event "Gladsaxe"]
[Site "Gladsaxe"]
[Date "1993.??.??"]
[Round "8"]
[White "Petersen, Per F"]
[Black "Jensen, Soren Holm"]
[Result "1-0"]
[WhiteElo "1930"]
[BlackElo "2000"]

1.d4 Nf6 2.c4 g6 3.Nc3 Bg7 4.e4 d6 5.Nf3 O-O 6.Be2 e5 7.O-O Nc6 8.d5 Ne7
9.Nd2 a5 10.Rb1 Ne8 11.a3 f5 12.b4 Nf6 13.f3 axb4 14.axb4 c6 15.Qb3 cxd5
16.cxd5 f4 17.Nc4 g5 18.h3 Ng6 19.Ba3 Ne8 20.b5 h5 21.b6 Rf6 22.Nb5 Nh4 23.Rbc1 Qd7
24.Ncxd6 Nxd6 25.Rc7 Qd8 26.Nxd6 Rxd6 27.Bxd6 Qxd6 28.Rfc1 Bd7 29.Rxb7 g4
30.hxg4 hxg4 31.fxg4 Ra3 32.Rxd7  1-0

[Event "Gladsaxe"]
[Site "Gladsaxe"]
[Date "1993.??.??"]
[Round "9"]
[White "Marcussen, Anders"]
[Black "Meyling, Morten"]
[Result "0-1"]
[WhiteElo "2110"]
[BlackElo "2145"]

1.d4 Nf6 2.Nf3 g6 3.c4 Bg7 4.Nc3 O-O 5.e4 d6 6.Be2 e5 7.O-O Nc6 8.d5 Ne7
9.b4 Nh5 10.c5 Nf4 11.Bxf4 exf4 12.Rc1 h6 13.Nd2 Bxc3 14.Rxc3 Re8 15.Bc4 a5
16.a3 axb4 17.axb4 Kg7 18.Qc2 Bd7 19.Qb2 Ng8 20.Bd3 Qf6 21.Rfc1 Ne7 22.Nc4 Bb5
23.R3c2 Bxc4 24.Qxf6+ Kxf6 25.Bxc4 g5 26.f3 Ng6 27.Bb5 Reb8 28.Be2 h5 29.b5 Ne5
30.b6 cxb6 31.cxd6 Rd8 32.Rb2 Rxd6 33.Rcb1 Nd7 34.Bb5 Nc5 35.Bf1 Ke5 36.Rxb6 Rxb6
37.Rxb6 h4 38.g3 fxg3 39.hxg3 hxg3 40.Kg2 Ra1 41.Rh6 f6 42.Bb5 Rb1 43.Be8 Rb3
44.d6 Rd3 45.d7 Nxd7 46.Bxd7 Rxd7 47.Kxg3 b5 48.Rh8 Rb7 49.Re8+ Kd4 50.Kf2 b4
51.Rd8+ Ke5 52.Ke3 b3  0-1

[Event "Groningen PCA"]
[Site "Groningen"]
[Date "1993.??.??"]
[Round "2"]
[White "Ruban, Vadim"]
[Black "Ehlvest, Jaan"]
[Result "1/2-1/2"]
[WhiteElo "2590"]
[BlackElo "2620"]

1.d4 Nf6 2.Nf3 g6 3.c4 Bg7 4.Nc3 O-O 5.e4 d6 6.Be2 e5 7.O-O Nc6 8.d5 Ne7
9.Nd2 a5 10.a3 Nd7 11.Rb1 f5 12.b4 Kh8 13.Qc2 Ng8 14.exf5 gxf5 15.f4 axb4
16.axb4 exf4 17.Nf3 Ndf6 18.Bxf4 Ne4 19.Nxe4 fxe4 20.Nd2 Bf5 21.Be3 Be5 22.g3 Qe7
23.Rf2 Bg6 24.Rxf8 Rxf8 25.Rf1 Nf6 26.Nb3 c6 27.Qd2 cxd5 28.cxd5 Rg8 29.Na5 Bh5
30.Bxh5 Nxh5 31.Rf2 Rc8 32.Qd1 Nf6 33.Rc2 Rxc2 34.Qxc2 Nxd5 35.Qc8+  1/2-1/2

[Event "Groningen op"]
[Site "Groningen"]
[Date "1993.??.??"]
[Round "4"]
[White "Douven, Rudy C"]
[Black "Murrey, Jacob"]
[Result "1/2-1/2"]
[WhiteElo "2405"]
[BlackElo "2530"]

1.d4 Nf6 2.c4 g6 3.Nc3 Bg7 4.e4 d6 5.Nf3 O-O 6.Be2 e5 7.O-O Nc6 8.d5 Ne7
9.Ne1 c6 10.Be3 Ne8 11.b4 f5 12.f3 fxe4 13.fxe4 Rxf1+ 14.Bxf1 Nf6 15.Be2 a5
16.a3 cxd5 17.cxd5 axb4 18.axb4 Bd7 19.Rxa8 Qxa8 20.Qc1 h5 21.Nd3 Kh7 22.Nf2 Qc8
23.Bb5 Ng4 24.Nxg4 Bxg4 25.h3 Bxh3 26.gxh3 Qxh3 27.Qd2 Ng8 28.Qf2 Nf6 29.Be2 Bh6
30.Bxh6 Kxh6 31.Qxf6  1/2-1/2

[Event "Groningen op"]
[Site "Groningen"]
[Date "1993.??.??"]
[Round "5"]
[White "Van Laatum, Gozewijn"]
[Black "Golubev, Mihail"]
[Result "1/2-1/2"]
[WhiteElo "2400"]
[BlackElo "2500"]

1.d4 Nf6 2.c4 g6 3.Nc3 Bg7 4.e4 d6 5.Nf3 O-O 6.Be2 e5 7.O-O Nc6 8.d5 Ne7
9.Nd2 a5 10.a3 c6 11.dxc6 bxc6 12.Rb1 d5 13.b4 axb4 14.axb4 Be6 15.b5 d4
16.Na4 cxb5 17.cxb5 d3 18.Bf3 Qd6 19.Ra1 Qb4 20.Ba3 Qxa4 21.Bxe7 Qxa1 22.Qxa1 Rxa1
23.Rxa1 Re8 24.Bc5 Bh6 25.Nf1 Nd7 26.Be3 Bxe3 27.Nxe3 Rb8 28.Rb1 Nc5 29.h3 Bb3
30.Ng4 Bc2 31.Rb2 Na4 32.Rb4 Nc3 33.b6 f5 34.exf5 d2 35.Nxe5 Be4 36.Rd4 Bxf3
37.Rxd2 Ba8 38.f6 Ne4 39.f7+ Kg7 40.Rd7 g5 41.Rc7 Rf8 42.b7 Bxb7 43.Rxb7 Nd6
44.Rd7 Kf6 45.Rxd6+ Kxe5 46.Rd7 Ke6 47.Ra7 Rxf7 48.Rxf7 Kxf7 49.Kf1 Kf6 50.Ke2 Ke6
51.Ke3 Ke5 52.g3 Kf5 53.f4 gxf4+ 54.gxf4 Kf6 55.Ke4 Ke6 56.f5+ Kf6 57.Kf4 Kg7
58.Ke5 Kf7 59.f6 Ke8 60.Ke6 Kf8 61.Ke5 Kf7 62.Kf5 Ke8 63.h4 Kf7 64.Ke5 Kf8
65.Kf5 Kf7 66.h5 Ke8 67.Ke6 Kf8 68.f7 h6 69.Kf6  1/2-1/2

[Event "Groningen op"]
[Site "Groningen"]
[Date "1993.??.??"]
[Round "6"]
[White "Skalik, Przemyslaw"]
[Black "Avrukh, Boris"]
[Result "0-1"]
[WhiteElo "2345"]
[BlackElo "2440"]

1.d4 Nf6 2.c4 g6 3.Nc3 Bg7 4.e4 d6 5.Nf3 O-O 6.Be2 e5 7.O-O Nc6 8.d5 Ne7
9.Nd2 a5 10.a3 Nd7 11.Rb1 f5 12.b4 Kh8 13.Qc2 Nf6 14.c5 axb4 15.axb4 fxe4
16.cxd6 cxd6 17.Ndxe4 Nexd5 18.Nxd5 Nxe4 19.Be3 Bf5 20.Bd3 Rc8 21.Qb3 Nf6
22.Bxf5 gxf5 23.Bg5 Qe8 24.Bxf6 Bxf6 25.Rbc1 Qe6 26.Qd3 e4 27.Qb5 Be5 28.Qxb7 Bxh2+  0-1

[Event "Groningen PCA"]
[Site "Groningen"]
[Date "1993.??.??"]
[Round "9"]
[White "Ruban, Vadim"]
[Black "Nijboer, Friso"]
[Result "0-1"]
[WhiteElo "2590"]
[BlackElo "2555"]

1.d4 Nf6 2.c4 g6 3.Nc3 Bg7 4.e4 d6 5.Nf3 O-O 6.Be2 e5 7.O-O Nc6 8.d5 Ne7
9.Nd2 a5 10.a3 Bd7 11.b3 c6 12.Bb2 Qb6 13.Rc1 c5 14.Rb1 Ne8 15.b4 axb4 16.axb4 Qxb4
17.Nb5 Qa5 18.Ra1 Qd8 19.Rxa8 Qxa8 20.Qb3 f5 21.Ra1 Qb8 22.exf5 gxf5 23.Nb1 Ng6
24.N1c3 e4 25.Na4 Bxb2 26.Qxb2 Qd8 27.Nbc3 Bxa4 28.Rxa4 Qf6 29.Ra7 Rf7 30.Nd1 Nf4
31.Qxf6 Nxf6 32.Bf1 Nd3 33.Nc3 Ng4 34.f3 Ne3 35.Be2 Nc1 36.Bf1 exf3 37.gxf3 Nxf1
38.Kxf1 Nd3 39.Nb5 Rd7 40.Ra8+ Kg7 41.Re8 Nb2 42.Na3 Kf7 43.Re6 Rd8 44.Re2 Ra8
45.Rxb2 Rxa3 46.Rxb7+ Kf6 47.Rxh7 Rxf3+ 48.Ke2 Rc3 49.Rh6+ Ke5 50.Re6+ Kd4
51.Rxd6 Rxc4 52.Rd8 Rc2+ 53.Kf3 Rxh2 54.d6 Kd5 55.d7 Rh7 56.Kf4 Rf7 57.Kg5 Kd6
58.Rc8 Rxd7 59.Kxf5 Kd5 60.Kf4 Kd4 61.Kf3 Re7  0-1

[Event "Groningen op"]
[Site "Groningen"]
[Date "1993.??.??"]
[Round "9"]
[White "Shneider, Aleksandr"]
[Black "Frolov, Artur"]
[Result "1/2-1/2"]
[WhiteElo "2560"]
[BlackElo "2535"]

1.d4 Nf6 2.c4 g6 3.Nc3 Bg7 4.e4 d6 5.Be2 O-O 6.Nf3 e5 7.O-O Nc6 8.d5 Ne7
9.Nd2 a5 10.a3 Nd7 11.Rb1 f5 12.b4 Kh8 13.f3 f4 14.Qc2 b6 15.Na4 axb4 16.axb4 c6
17.Nc3 g5 18.dxc6 Nxc6 19.Nb5 Nf6 20.Qd3 g4 21.Nxd6 Nd4 22.Nxc8 Qxc8 23.Bb2 Rd8
24.Bxd4 Rxd4 25.Qc2 gxf3 26.Nxf3 Rxe4 27.Ng5 Re3 28.Nf7+ Kg8 29.Nd6 Qc7 30.Nf5 Rea3
31.c5 Kh8 32.Bf3 Rg8 33.Nd6 Re3 34.Qc4 Rf8 35.Rbe1 bxc5 36.bxc5 e4 37.Nxe4 Nxe4
38.Bxe4 Rc3 39.Qe6 Qxc5+ 40.Kh1 Re3 41.Qd5 Qxd5 42.Bxd5  1/2-1/2

[Event "Groningen PCA"]
[Site "Groningen"]
[Date "1993.??.??"]
[Round "10"]
[White "Chernin, Alexander"]
[Black "Ehlvest, Jaan"]
[Result "0-1"]
[WhiteElo "2615"]
[BlackElo "2620"]

1.d4 Nf6 2.c4 g6 3.Nc3 Bg7 4.e4 d6 5.Nf3 O-O 6.Be2 e5 7.O-O Nc6 8.d5 Ne7
9.Nd2 a5 10.Rb1 Nd7 11.a3 f5 12.b4 Kh8 13.f3 Ng8 14.Qc2 Ngf6 15.Bd3 f4 16.Be2 Rg8
17.Na4 axb4 18.axb4 Bf8 19.c5 dxc5 20.Nxc5 Nxc5 21.bxc5 b6 22.Nb3 bxc5 23.Bd2 Bd6
24.Ra1 Rxa1 25.Rxa1 g5 26.Be1 g4 27.Bh4 Qf8 28.Bxf6+ Qxf6 29.Nxc5 h5 30.Ne6 Bd7
31.Kh1 Qh4 32.Rf1 Rg6 33.Qb3 Kh7 34.Qc4 Kh6 35.Qb3 Qe7 36.Bc4 Rg8 37.Be2 Qh4
38.Qc2 Ra8 39.Qb2 Kh7 40.Qc2 Ra3 41.Qb1 Re3 42.Qd1 Kh6 43.Qd2 Kg6 44.Qd1 Kf6
45.fxg4 hxg4 46.Bxg4 Bb5 47.Rg1 Qf2 48.h3 Bd3 49.Bf5 Qh4 50.Qc1 Bxe4  0-1

[Event "Gyula"]
[Site "Gyula"]
[Date "1993.??.??"]
[Round "7"]
[White "Kaunas, Kestutis"]
[Black "Gross, Dav"]
[Result "1-0"]
[WhiteElo "2350"]
[BlackElo "2270"]

1.d4 Nf6 2.c4 g6 3.Nc3 Bg7 4.e4 d6 5.Nf3 O-O 6.Be2 e5 7.O-O Nc6 8.d5 Ne7
9.b4 a5 10.bxa5 Rxa5 11.a4 h6 12.Ba3 Nd7 13.Bb4 Ra8 14.Nd2 f5 15.a5 fxe4
16.Ndxe4 Nf5 17.c5 dxc5 18.Bxc5 Nxc5 19.Nxc5 Nd4 20.Bc4 Kh7 21.N3e4 Qh4 22.f3 b6
23.axb6 Rxa1 24.Qxa1 cxb6 25.Ne6 Bxe6 26.dxe6 b5 27.Bd5 b4 28.Qa7 b3 29.Qb7 Ne2+
30.Kh1 Rf5 31.g3 Qh3 32.Rf2 Rf8 33.e7 Re8 34.Bxb3 Nxg3+ 35.Nxg3 Rc8 36.Kg1 e4
37.Qxe4 Rc1+ 38.Rf1 Rxf1+ 39.Nxf1  1-0

[Event "Gyula"]
[Site "Gyula"]
[Date "1993.??.??"]
[Round "9"]
[White "Kaunas, Kestutis"]
[Black "Borsavolgyi, Tamas"]
[Result "0-1"]
[WhiteElo "2350"]
[BlackElo "2265"]

1.d4 Nf6 2.c4 g6 3.Nc3 Bg7 4.e4 d6 5.Nf3 O-O 6.Be2 e5 7.O-O Nc6 8.d5 Ne7
9.Ne1 Ne8 10.Be3 f5 11.f3 f4 12.Bf2 h5 13.c5 g5 14.Rc1 Ng6 15.h3 Rf7 16.a4 Bh6
17.a5 Rh7 18.cxd6 cxd6 19.Nb5 g4 20.Nxa7 Bd7 21.Bb6 Qg5 22.fxg4 f3 23.Nxf3 Qxc1
24.Qxc1 Bxc1 25.Rxc1 Nf4 26.Bf1 hxg4 27.hxg4 Bxg4 28.Nb5 Rg7 29.Kf2 Bd7 30.Nd2 Rxg2+
31.Bxg2 Nd3+ 32.Ke3 Nxc1 33.Nc7 Rc8 34.Nxe8 Bxe8 35.Bf1 Kf7 36.a6 bxa6 37.Bxa6 Ra8
38.Bf1 Ke7 39.Nc4 Bb5 40.Bc7 Bxc4 41.Bxc4 Rc8  0-1

[Event "Hallsberg opJ"]
[Site "Hallsberg"]
[Date "1993.??.??"]
[Round "?"]
[White "Nalbandian, Tigran"]
[Black "Georgiev, Vladimir"]
[Result "0-1"]
[WhiteElo "2405"]
[BlackElo "2410"]

1.d4 g6 2.Nf3 Bg7 3.c4 d6 4.Nc3 Nf6 5.e4 O-O 6.Be2 e5 7.O-O Nc6 8.d5 Ne7
9.Nd2 a5 10.Rb1 Bd7 11.b3 Ne8 12.a3 f5 13.b4 axb4 14.axb4 Bh6 15.c5 fxe4
16.Ndxe4 Bxc1 17.Qxc1 Nf5 18.Bc4 Kh8 19.Qg5 Qxg5 20.Nxg5 Nd4 21.Ra1 Nf6 22.Nge4 Nxe4
23.Nxe4 Bf5 24.Nc3 Kg7 25.Nb5 Nxb5 26.Bxb5 Kf6 27.f3 Ke7 28.Kf2 Bc2 29.Bc4 Rxa1
30.Rxa1 Rf4 31.Bf1 Rxb4 32.Ra5 Rb2 33.Ke3 dxc5 34.Rxc5 Kd6 35.Rc4 Bf5 36.Rc3 Bd7
37.h4 Bb5 38.Bxb5 Rxb5 39.g4 Rxd5 40.Ra3 b5 41.Ra8 b4 42.Rb8 Kc5 43.Rb7 Rd7
44.Ke4 Kc4 45.Kxe5 b3 46.f4 Kc3 47.f5 gxf5 48.gxf5 b2 49.f6 Kc2 50.h5 b1=Q
51.Rxb1 Kxb1 52.Ke6 Rd2 53.h6 c5 54.f7 Rf2 55.Ke7 c4  0-1

[Event "GER-ch int U20"]
[Site "Hamburg"]
[Date "1993.??.??"]
[Round "?"]
[White "Kitte, Sebastian"]
[Black "Wikner, Arvid"]
[Result "0-1"]
[WhiteElo "2240"]
[BlackElo "2215"]

1.d4 Nf6 2.c4 g6 3.Nc3 Bg7 4.e4 d6 5.Nf3 O-O 6.Be2 e5 7.O-O Nc6 8.d5 Ne7
9.Nd2 c5 10.Rb1 a5 11.a3 Ne8 12.b4 axb4 13.axb4 b6 14.bxc5 bxc5 15.Nb3 Kh8
16.Bg5 f6 17.Be3 f5 18.f3 Nf6 19.Ra1 Rxa1 20.Qxa1 Neg8 21.Na5 Nh5 22.Nc6 Qf6
23.exf5 gxf5 24.Nb5 f4 25.Bd2 Qg6 26.Bc3 Qh6 27.Bd3 Ng3 28.Rd1 Bf5 29.Qa2 Rf6
30.h3 Qh5 31.Nxe5 dxe5 32.Bxe5 Bxh3 33.Bxf6 Bxf6 34.Rb1 Bd7 35.Qa7 Bxb5 36.Qxc5 Bd7
37.Qa7 Bf5 38.Rb8 Bxd3 39.Rxg8+ Kxg8 40.Qb8+ Kg7  0-1

[Event "GER-ch int U20"]
[Site "Hamburg"]
[Date "1993.??.??"]
[Round "?"]
[White "Buhr, Carl Christian"]
[Black "Matthaei, Alexander"]
[Result "1-0"]
[WhiteElo "2195"]
[BlackElo "2260"]

1.d4 Nf6 2.c4 g6 3.Nc3 Bg7 4.e4 d6 5.Nf3 O-O 6.Be2 e5 7.O-O Nc6 8.d5 Ne7
9.b4 Nh5 10.c5 Nf4 11.Bxf4 exf4 12.Qb3 Kh8 13.Rad1 Ng8 14.e5 dxe5 15.d6 c6
16.Bc4 Bg4 17.Ne4 f5 18.Neg5 e4 19.Ne6 Qf6 20.Nfd4 Bxd1 21.Rxd1 Nh6 22.Nxf8 Bxf8
23.Ne6 f3 24.d7 Be7 25.d8=Q+ Bxd8 26.Nxd8 Ng4 27.h3 Rxd8 28.Rxd8+ Qxd8 29.hxg4 Qd4
30.gxf5 gxf5 31.Bf1 fxg2 32.Kxg2 f4 33.Qf7 Qg7+ 34.Qxg7+ Kxg7 35.f3 e3 36.Kh3 Kf6
37.Kg4 Ke5 38.Kg5 b6 39.cxb6 axb6 40.a4 Kd4 41.a5  1-0

[Event "Hastings op9394"]
[Site "Hastings"]
[Date "1993.??.??"]
[Round "?"]
[White "Sherbakov, Ruslan"]
[Black "McDonald, Neil R"]
[Result "1-0"]
[WhiteElo "2570"]
[BlackElo "2410"]

1.d4 Nf6 2.c4 g6 3.Nc3 Bg7 4.e4 d6 5.Be2 O-O 6.Nf3 e5 7.O-O Nc6 8.d5 Ne7
9.Nd2 Nd7 10.b4 f5 11.Qc2 fxe4 12.Ncxe4 Nf5 13.Nf3 Nf6 14.Bg5 Qe8 15.Bxf6 Bxf6
16.c5 Bg7 17.Rad1 Bd7 18.Bc4 h6 19.c6 Bc8 20.cxb7 Bxb7 21.Rfe1 Bc8 22.Bb3 Qd8
23.Rc1 Rf7 24.Ba4 Rb8 25.a3 Ba6 26.Qd2 Nd4 27.Nxd4 exd4 28.Bc2 Qh4 29.Bd3 Bb7
30.Ng3 Rbf8 31.Re2 Bxd5 32.Bxg6 Rf6 33.Be4 Bxe4 34.Rxe4 Rf4 35.Rxf4 Qxf4
36.Qxf4 Rxf4 37.Nh5 Re4 38.Nxg7 Kxg7 39.Rxc7+ Kf6 40.Kf1 d3 41.Rc1 Rh4 42.Rd1 Rxh2
43.Rxd3 Rh1+ 44.Ke2 Ke5 45.Re3+ Kd4 46.Re7 Rb1 47.Rxa7 Rb2+ 48.Kf3 d5 49.g4 Kd3
50.Rh7 Rb3 51.Rxh6 d4 52.g5 Kc2+ 53.Ke4 d3 54.Rd6 Rxa3 55.g6 Ra8 56.f4 Rb8
57.f5 d2 58.g7 Rxb4+ 59.Ke3  1-0

[Event "Hastings op9394"]
[Site "Hastings"]
[Date "1993.??.??"]
[Round "?"]
[White "Ledger, David"]
[Black "Mortensen, Erling"]
[Result "0-1"]
[WhiteElo "2300"]
[BlackElo "2500"]

1.d4 Nf6 2.c4 g6 3.Nc3 Bg7 4.e4 d6 5.Nf3 O-O 6.Be2 e5 7.O-O Nc6 8.d5 Ne7
9.b4 Ne8 10.Nd2 f5 11.c5 Kh8 12.Nc4 fxe4 13.cxd6 Nxd6 14.Nxd6 Qxd6 15.Be3 Qxb4
16.Nb5 Nf5 17.Nxc7 Nxe3 18.fxe3 Rb8 19.Rb1 Qd6 20.Rxf8+ Bxf8 21.Rc1 Qb6 22.Qf1 Bd7
23.Kh1 Bg7 24.Qf7 Qxe3 25.Rg1 Qxe2 26.Qxd7 Qf2 27.Ne6 Bf6 28.Rc1 Rg8 29.h3 Bh4
30.Qc7 e3 31.Qxe5+ Bf6 32.Qf4 Qxf4 33.Nxf4 Be5 34.Ne2 Rf8 35.Ng1 Kg7 36.Nf3 Bg3
37.Nd4 Rf2 38.a4 Rd2 39.Ne6+ Kh6 40.Nc5 e2  0-1

[Event "Havana op"]
[Site "Havana"]
[Date "1993.??.??"]
[Round "?"]
[White "Blanco Fernandez, Alvaro"]
[Black "Arribas, Maritza"]
[Result "1-0"]
[WhiteElo "2305"]
[BlackElo "2200"]

1.Nf3 Nf6 2.c4 g6 3.Nc3 Bg7 4.e4 d6 5.d4 O-O 6.Be2 e5 7.O-O Nc6 8.d5 Ne7
9.b4 Nd7 10.a4 a5 11.bxa5 Rxa5 12.Ba3 b6 13.Bb4 Ra8 14.a5 bxa5 15.Rxa5 Rb8
16.Rb5 Rxb5 17.Nxb5 f5 18.Ng5 Nf6 19.Ba5 Ne8 20.c5 Bf6 21.cxd6 Bxg5 22.dxe7 Bxe7
23.Qb3 Kh8 24.Rc1 Ba6 25.d6 Nxd6 26.Bxc7 Qd7 27.Nxd6 Bxd6 28.Qd5 Rc8 29.Bxa6 Rxc7
30.Rd1  1-0

[Event "Helsinki-ch"]
[Site "Helsinki"]
[Date "1993.??.??"]
[Round "5"]
[White "Salo, Heikki"]
[Black "Sammalvuo, Tapani"]
[Result "0-1"]
[WhiteElo "2240"]
[BlackElo "2280"]

1.d4 Nf6 2.c4 g6 3.Nc3 Bg7 4.e4 d6 5.Be2 O-O 6.Nf3 e5 7.O-O Nc6 8.d5 Ne7
9.Nd2 a5 10.a3 Nd7 11.Rb1 f5 12.b4 Kh8 13.f3 Ng8 14.Qc2 Ngf6 15.Nb5 Nh5 16.g3 Ndf6
17.Rb3 c6 18.Nc3 Bh6 19.Nd1 axb4 20.axb4 Bd7 21.dxc6 bxc6 22.Rd3 d5 23.exd5 cxd5
24.Bb2 Ba4 25.Nb3 Qc7 26.c5 Rab8 27.f4 e4 28.Rxd5 Rxb4 29.Bc4 Bg7 30.Ne3 Qb7
31.c6 Qxc6 32.Ba3 Nxd5 33.Bxd5 Qxc2 34.Nxc2 Rxb3 35.Bxf8 Bxf8 36.Bxb3 Bc5+
37.Kg2 Bxb3 38.Ne1 Bc4 39.Rh1 Be2  0-1

[Event "Heraklio op"]
[Site "Heraklio"]
[Date "1993.??.??"]
[Round "6"]
[White "Blees, Albert"]
[Black "Klarenbeek, Hans"]
[Result "0-1"]
[WhiteElo "2415"]
[BlackElo "2425"]

1.d4 Nf6 2.c4 g6 3.Nc3 Bg7 4.e4 d6 5.Nf3 O-O 6.Be2 e5 7.O-O Nc6 8.d5 Ne7
9.Bg5 Nh5 10.Ne1 Nf4 11.Nd3 Nxe2+ 12.Qxe2 h6 13.Bd2 f5 14.f4 exf4 15.Nxf4 g5
16.Ne6 Bxe6 17.dxe6 f4 18.g3 Ng6 19.gxf4 Bxc3 20.bxc3 gxf4 21.Kh1 Qf6 22.Rg1 Kh7
23.Qg4 Rae8 24.Rab1 b6 25.Rbe1 Qxe6 26.Qh5 Qf6 27.Rg4 Re5 28.Qh3 Qe6 29.Reg1 Rg5  0-1

[Event "HUN-chT"]
[Site "HUN"]
[Date "1993.??.??"]
[Round "?"]
[White "Bokor, Istvan"]
[Black "Tenyi, Jozsef"]
[Result "1/2-1/2"]
[WhiteElo "2265"]
[BlackElo "2275"]

1.d4 Nf6 2.c4 g6 3.Nc3 Bg7 4.e4 d6 5.Be2 O-O 6.Nf3 e5 7.O-O Nc6 8.d5 Ne7
9.Ne1 Nd7 10.Nd3 f5 11.Bd2 Nf6 12.f3 f4 13.Rc1 g5 14.g4 h5 15.h3 Ng6 16.c5 hxg4
17.hxg4 Kf7 18.Kf2 Nh4 19.Rh1 Kg6 20.Kg1 Bd7  1/2-1/2